Elément géographique par forme. - Statistiques

Statistiques générales
  • Ce quiz a été pris 1 018 fois
  • Le résultat moyen est 8 sur 12
Statistiques - réponses
Par images Hint Réponse % Correct
Pays L'Espagne
99%
Région La Corse
95%
Zone géographique L'Océanie
95%
Pays Le Brésil
86%
Etat Le Texas
85%
Chaine de montagne Les Alpes
80%
Zone d'eau La Mer Noire
71%
Zone géographique La grande Bretagne
70%
Zone d'eau Le Nil
68%
Zone Géographique La Scandinavie
65%
Région Le Québec
21%
Zone d'eau Le lac Titicaca
7%
Aucun quiz correspondant
Distribution des résultats
% des personnes avec chaque résultat
Percentile par nombre de réponses
Votre historique - résultats
Vous n’avez pas pris ce quiz